000 00557nam a2200145 a 4500
008 120416s1967 ||||||||||||||||| || u
050 _aTP 156.M3 Hea
100 _aHills, A. W. D
245 1 0 _aHeat and mass transfer in process metallurgy
246 _aproceedings of a symposium
260 _aLondon
_bThe Institution of Mining and Metallurgy
_c1967
300 _ax, 252p. : ill.
350 _a0.00
995 _D0.00
_FCBU-MAIN LIBRARY (Kitwe)
_H1
_I5.00
_UAVAILABLE
_ZAnnex Low-Usage Collection
999 _c45455
_d45455